000 00484nam a2200169Ia 4500
001 11398
008 170211s1998 ii g b000 u 346 u
082 _a891.44208
100 _aMukhopadhyay, Dhananjay .,
_eAuthor.,
245 0 _aBangiya Natya Shala /
_cDhananjay Mukhopadhyay.
_hTextual Documents
250 _a1st ed. /
260 _aCalcutta :
_bPashi Bangala Nitya Academy ,
_c1998.
300 _a116p. ;
_c22cm.
653 _aBengali
653 _aMS-Bengali
942 _2ddc
_cBK
999 _c11385
_d11385